MLB Teams With Letter Logos - Statistics

General Stats
  • This quiz has been taken 51 times
  • The average score is 11 of 12
Answer Stats
Picture Answer % Correct
San Diego Padres
100%
Chicago Cubs
97%
Detroit Tigers
97%
Los Angeles Angels
97%
Pittsburgh Pirates
97%
Arizona Diamondbacks
95%
Cleveland Guardians
95%
Houston Astros
95%
Colorado Rockies
89%
Milwaukee Brewers
89%
Texas Rangers
89%
Washington Nationals
89%
No matching quizzes found
Score Distribution
Percent of People with Each Score
Percentile by Number Answered
Your Score History
You have not taken this quiz